Регионална библиотека "Любен Каравелов" - Русе

Фармакологията - основа на фармакотерапията (Запис номер 57746)

MARC детайли
000 -Лидер
Контролно поле с фиксирана дължина 01474nam a2200337 c 4500
003 - Код на организацията, давaща контролен номер
Контролно поле BLK
005 - Дата и час на последна редакция
Контролно поле 20180422102124.0
008 - Елементи от данни с фиксирана дължина
fixed length control field 180408b bul|||||r ||||||| ||bul||
010 ## - Наследен системен номер
LC control number KNG00061754000
040 ## - Източник на каталожния запис
Идентификатор на билиотеката - собственик на записа BLK
041 ## - Код за език
Код за езика на текст/звукозапис или на отделно заглавие Български
Код за езика КДБФ Български
080 ## - УДК
Текстов определител УДК Обща фармация. Професионална фармация - Фармацевти и др. професии заети с фармация. Вж и 614.2;614.27;614.35; 661.12
УДК код - определител по УДК 615.1
УДК определител (035)
УДК - код + определител 615.1(035)
080 ## - УДК
Текстов определител УДК Лекарствени средства според основното им действие
УДК код - определител по УДК 615.2
УДК определител (035)
УДК - код + определител 615.2(035)
100 1# - Редна дума - Автор
Автор Петков, Веселин
Авторска отговорност първи автор
R(LIN) 369559
139 ## - Редно поле
Редна дума Фармакологията - основа на фармакотерапията
Авторски знак Фар - Ф 23
245 10 - Сведения за заглавието
Заглавие Фармакологията - основа на фармакотерапията
Подзаглавни данни Моногр.
Редно поле (дума) Веселин Петков; ред. Веселин Петков.
257 ## - Страна на издаване
Страна на създаване/издаване България
260 ## - Област на издателските данни
-- София
Име на издателя, разпространителя и проч. Медицина и физкултура
Година на издаване 1983
300 ## - Физическа характеристика
Страници 599 с.
Размери/Мащаб 25 см
380 ## - Жанр
Жанр Медицина
650 #4 - Допълнително описание по предмет – тема
Основно описание – тема или топоним Фармакология
9 (RLIN) 175152
650 #4 - Допълнително описание по предмет – тема
Основно описание – тема или топоним Фармакотерапия
9 (RLIN) 175157
653 ## - Ключова дума – ненормативна
Ключова дума фармакология
653 ## - Ключова дума – ненормативна
Ключова дума фармакотерапия
700 1# - Други автори (авторска отговорност)
Лично име Петков, Веселин
Автороска отговорност (Описва отношението между автора и произведението) ред.
9 (RLIN) 369559
852 ## - Местоположение
Форматна сигнатура Цб 124010
856 4# - Електронен адрес и достъп
Електронен формат pdf - файл
Път до файла /url/
856 4# - Електронен адрес и достъп
Електронен формат pdf - файл
Път до файла /url/
942 ## - АРТИКУЛИ
Вид на библиотечния материал Книги
Скрит в OPAC Не
944 ## - СЪЗДАВАНЕ И РЕДАКЦИЯ на ЗАПИСА
Създаване/Редакция Създаване
Дата на регистрацията/редакция 13.06.2004
Служител, извършил регистрацията/редакцията Читалня
944 ## - СЪЗДАВАНЕ И РЕДАКЦИЯ на ЗАПИСА
Създаване/Редакция Редакция
Дата на регистрацията/редакция 12.10.2015
Служител, извършил регистрацията/редакцията
999 ## - СИСТЕМНИ КОНТРОЛНИ НОМЕРА
Koha biblionumber 57746
Koha biblioitemnumber 57746
Наличности
Код за отписване Код за изгубен артикул Източник на класификационната схема Код за повреда Коз за рестрикции Код за отдаване Артикулен № Име на библиотеката - собственик Име на библиотеката, в която се намира в момента Статус (Текущо местоположение) Дата на вписване в системата Местоположение - отдел Цена в лева Инвентарен номер Систематично азбучна сигнатура Баркод Номер на екземпляра Цена в евро Служебна бележка Служебен тип на артикула
Изтеглен Не е изгубен Universal Decimal Classification Не е повреден само за читалня ползва се в читалня 94178 Регионална библиотека "Любен Каравелов" Русе Регионална библиотека "Любен Каравелов" Русе Читалня 1993-01-01 Читалня 8.17 388779 Ч 615/Ф 23 388779 1 4.18 Дата инв: 17.03.2017 Бележки инв: Ч2017 Книги
  Не е изгубен Universal Decimal Classification Не е повреден само за читалня ползва се в читалня 94179 Регионална библиотека "Любен Каравелов" Русе Регионална библиотека "Любен Каравелов" Русе Хранилище 1983-01-01 Хранилище 8.17 387331 Цб 124010 900000011960 2 4.18 N: стар фонд Дата: 01.01.1983 Книги
Vip Innovations Ltd, Rousse, Bulgaria 2025